000
00300nam a2200121Ia 4500
008
191201s2007 xx 000 0 und d
100
_a
SUBRAMANYA, K
245
0
_a
1000 Solved Problems in Fluid Mechanics
260
_a
New Delhi
_b
TMH
_c
2007
300
_a
456
650
_a
B.Tech(CE)
942
_2
ddc
_c
BK
999
_c
6533
_d
6533